A thorny issue (Record no. 82748)
[ view plain ]
| 000 -LEADER | |
|---|---|
| fixed length control field | 01329cab a22002415a 4500 |
| 001 - CONTROL NUMBER | |
| control field | L151287 |
| 008 - FIXED-LENGTH DATA ELEMENTS--GENERAL INFORMATION | |
| fixed length control field | 101014e20101009xxk 000 0 eng d |
| 035 ## - SYSTEM CONTROL NUMBER | |
| System control number | (Sirsi) u151287 |
| 041 0# - LANGUAGE CODE | |
| Language code of text/sound track or separate title | eng |
| 100 1# - MAIN ENTRY--PERSONAL NAME | |
| Personal name | Edwards, Martin |
| 245 02 - TITLE STATEMENT | |
| Title | A thorny issue |
| 260 ## - PUBLICATION, DISTRIBUTION, ETC. | |
| Date of publication, distribution, etc. | 2010 |
| 490 ## - SERIES STATEMENT | |
| Series statement | Estates Gazette |
| Volume/sequential designation | (1040) 9 October 2010, 96-98(3) |
| 520 ## - SUMMARY, ETC. | |
| Summary, etc. | "R (on the application of Sainsbury's Supermarkets Ltd) v Wolverhampton City Council" [2010] UKSC 20 challenged the authority given to local planning authorities (LPA)s to acquired land compulsorily for planning purposes as set out in the Town and Country Planning Act 1990 s226 as amended by the Planning and Compulsory Purchase Act 2004 s99 . The appeal concerned the scope of amended s226 of the 1990 Act and the use of acquiring authorities powers. As a result of this landmark decision, LPAs will re-examine regeneration schemes which require compulsory acquisition of third party land. |
| 590 ## - LOCAL NOTE (RLIN) | |
| Local note | KA |
| 650 24 - SUBJECT ADDED ENTRY--TOPICAL TERM | |
| Topical term or geographic name entry element | R (ON THE APPLICATION OF SAINSBURY'S SUPERMARKETS LTD) V WOLVERHAMPTON CITY COUNCIL |
| 650 24 - SUBJECT ADDED ENTRY--TOPICAL TERM | |
| Topical term or geographic name entry element | TOWN AND COUNTRY PLANNING ACT 1990 S226 |
| 650 24 - SUBJECT ADDED ENTRY--TOPICAL TERM | |
| Topical term or geographic name entry element | PLANNING AND COMPULSORY PURCHASE ACT 2004 S99 |
| 651 #4 - SUBJECT ADDED ENTRY--GEOGRAPHIC NAME | |
| Geographic name | ENGLAND AND WALES |
| 690 ## - LOCAL SUBJECT ADDED ENTRY--TOPICAL TERM (OCLC, RLIN) | |
| Topical term or geographic name as entry element | ENVIRONMENT AND LAND CONSULTANCY-PLANNING AND DEVELOPMENT |
| 700 1# - ADDED ENTRY--PERSONAL NAME | |
| Personal name | Martin, John |
| 942 ## - ADDED ENTRY ELEMENTS (KOHA) | |
| Suppress in OPAC | 0 |
| Withdrawn status | Lost status | Source of classification or shelving scheme | Damaged status | Not for loan | Home library | Current library | Shelving location | Date acquired | Total Checkouts | Full call number | Barcode | Date last seen | Copy number | Price effective from | Koha item type |
|---|---|---|---|---|---|---|---|---|---|---|---|---|---|---|---|
| Dewey Decimal Classification | London | London | Journal article | 14/10/2010 | L151287 | 151287-1001 | 06/08/2019 | 1 | 06/08/2019 | Journal article |